| 000 | 00648 a2200181 4500 | ||
|---|---|---|---|
| 003 | Nust | ||
| 005 | 20170207153550.0 | ||
| 040 | _cNust | ||
| 082 | _a621.382 | ||
| 100 | _aCheema, Muhammad Atif (MSEE-5) | ||
| 245 |
_aVideo codec for real time telecommunications _cMuhammad Atif Cheema |
||
| 260 |
_bMCS, NUST _c2001 _aRawalpindi |
||
| 300 | _a146, p; | ||
| 505 | _aIntroduction to digital image processing (page-1) Image enhancement (page-24) Data compression codes and transform (page-46) Image compression (page-65) Video compression for telecommunications (page-86). | ||
| 538 | _aAlmirah no 69 shelf no.3 | ||
| 650 | _aMS Thesis | ||
| 651 | _aMSEE-5 | ||
| 942 | _cTHS | ||
| 999 |
_c188801 _d188801 |
||